000 00440nam a2200193Ia 4500
008 101110s9999 xx 000 0 und d
041 _aENGLISH
082 _bSR6742
_a336.24
100 _aBhave D.G.
245 _aIncome-Tax in a day
365 _b1.8
520 _aCommerce
546 _aENGLISH
630 _aIncome-Tax in a day
650 _aCommerce
655 _aCommerce
730 _aIncome-Tax in a day
942 _cBOOK
999 _c802533
_d802530